000 00460nam a22001697a 4500
003 NUST - PNEC
005 20170116181015.0
008 150913b xxu||||| |||| 00| 0 eng d
020 _a0201728273
040 _cLIBRARY
082 _a621.385 EVA
100 _910431
_aEvans, D. R.
245 _aDigital telephony over cable : the packetcable network
_cD. R. Evans
260 _cc.2001
650 _910429
_aDigital telephone systems
_xMIS
942 _2ddc
_cBK
999 _c67245
_d67245